<?xml version="1.0" encoding="UTF-8"?>
<record
    xmlns:xsi="http://www.w3.org/2001/XMLSchema-instance"
    xsi:schemaLocation="http://www.loc.gov/MARC21/slim http://www.loc.gov/standards/marcxml/schema/MARC21slim.xsd"
    xmlns="http://www.loc.gov/MARC21/slim">

  <leader>00459nam a22001697a 4500</leader>
  <controlfield tag="003">OSt</controlfield>
  <controlfield tag="005">20211220105615.0</controlfield>
  <controlfield tag="008">210923b        |||||||| |||| 00| 0 eng d</controlfield>
  <datafield tag="020" ind1=" " ind2=" ">
    <subfield code="a">0130254878</subfield>
  </datafield>
  <datafield tag="040" ind1=" " ind2=" ">
    <subfield code="c">hu</subfield>
  </datafield>
  <datafield tag="082" ind1=" " ind2=" ">
    <subfield code="2">428.64</subfield>
  </datafield>
  <datafield tag="100" ind1=" " ind2=" ">
    <subfield code="a">Probst Glen W.</subfield>
    <subfield code="9">6380</subfield>
  </datafield>
  <datafield tag="245" ind1=" " ind2=" ">
    <subfield code="a">Exeditions in to English</subfield>
    <subfield code="b">Reabding 1 A Beginning Integrated Skills Series </subfield>
  </datafield>
  <datafield tag="260" ind1=" " ind2=" ">
    <subfield code="a">New Jersey</subfield>
    <subfield code="b">Prentice Hell</subfield>
    <subfield code="c">1990</subfield>
  </datafield>
  <datafield tag="300" ind1=" " ind2=" ">
    <subfield code="a">xvi 141 </subfield>
    <subfield code="b">pc</subfield>
    <subfield code="c">27</subfield>
  </datafield>
  <datafield tag="942" ind1=" " ind2=" ">
    <subfield code="c">BOOKS</subfield>
    <subfield code="n">0</subfield>
    <subfield code="2">ddc</subfield>
  </datafield>
  <datafield tag="999" ind1=" " ind2=" ">
    <subfield code="c">6151</subfield>
    <subfield code="d">6151</subfield>
  </datafield>
  <datafield tag="952" ind1=" " ind2=" ">
    <subfield code="0">0</subfield>
    <subfield code="1">0</subfield>
    <subfield code="2">ddc</subfield>
    <subfield code="4">0</subfield>
    <subfield code="7">0</subfield>
    <subfield code="8">REF</subfield>
    <subfield code="a">004</subfield>
    <subfield code="b">004</subfield>
    <subfield code="c">CART</subfield>
    <subfield code="d">2021-09-23</subfield>
    <subfield code="l">0</subfield>
    <subfield code="o">428.64 PRO 1990</subfield>
    <subfield code="p">WGCFNRL00001241</subfield>
    <subfield code="r">2021-09-23 00:00:00</subfield>
    <subfield code="t">3</subfield>
    <subfield code="w">2021-09-23</subfield>
    <subfield code="y">BOOKS</subfield>
  </datafield>
  <datafield tag="952" ind1=" " ind2=" ">
    <subfield code="0">0</subfield>
    <subfield code="1">0</subfield>
    <subfield code="2">ddc</subfield>
    <subfield code="4">0</subfield>
    <subfield code="7">0</subfield>
    <subfield code="8">REF</subfield>
    <subfield code="a">004</subfield>
    <subfield code="b">004</subfield>
    <subfield code="c">CART</subfield>
    <subfield code="d">2021-09-23</subfield>
    <subfield code="l">0</subfield>
    <subfield code="o">428.64 PRO 1990</subfield>
    <subfield code="p">WGCFNRL00001242</subfield>
    <subfield code="r">2021-09-23 00:00:00</subfield>
    <subfield code="t">1</subfield>
    <subfield code="w">2021-09-23</subfield>
    <subfield code="y">BOOKS</subfield>
  </datafield>
  <datafield tag="952" ind1=" " ind2=" ">
    <subfield code="0">0</subfield>
    <subfield code="1">0</subfield>
    <subfield code="2">ddc</subfield>
    <subfield code="4">0</subfield>
    <subfield code="7">0</subfield>
    <subfield code="8">REF</subfield>
    <subfield code="a">004</subfield>
    <subfield code="b">004</subfield>
    <subfield code="c">CART</subfield>
    <subfield code="d">2021-09-23</subfield>
    <subfield code="l">0</subfield>
    <subfield code="o">428.64 PRO 1990</subfield>
    <subfield code="p">WGCFNRL00001243</subfield>
    <subfield code="r">2021-09-23 00:00:00</subfield>
    <subfield code="t">2</subfield>
    <subfield code="w">2021-09-23</subfield>
    <subfield code="y">BOOKS</subfield>
  </datafield>
  <datafield tag="952" ind1=" " ind2=" ">
    <subfield code="0">0</subfield>
    <subfield code="1">0</subfield>
    <subfield code="2">ddc</subfield>
    <subfield code="4">0</subfield>
    <subfield code="7">0</subfield>
    <subfield code="8">REF</subfield>
    <subfield code="a">004</subfield>
    <subfield code="b">004</subfield>
    <subfield code="c">CART</subfield>
    <subfield code="d">2021-09-23</subfield>
    <subfield code="l">0</subfield>
    <subfield code="o">428.64 PRO 1990</subfield>
    <subfield code="p">WGCFNRL00001244</subfield>
    <subfield code="r">2021-09-23 00:00:00</subfield>
    <subfield code="t">3</subfield>
    <subfield code="w">2021-09-23</subfield>
    <subfield code="y">BOOKS</subfield>
  </datafield>
  <datafield tag="952" ind1=" " ind2=" ">
    <subfield code="0">0</subfield>
    <subfield code="1">0</subfield>
    <subfield code="2">ddc</subfield>
    <subfield code="4">0</subfield>
    <subfield code="7">0</subfield>
    <subfield code="8">REF</subfield>
    <subfield code="a">004</subfield>
    <subfield code="b">004</subfield>
    <subfield code="c">GEN</subfield>
    <subfield code="d">2021-12-20</subfield>
    <subfield code="l">0</subfield>
    <subfield code="o">428.6`4 PRO 1990</subfield>
    <subfield code="p">WGCFNRL00007154</subfield>
    <subfield code="r">2021-12-20 00:00:00</subfield>
    <subfield code="t">5</subfield>
    <subfield code="w">2021-12-20</subfield>
    <subfield code="y">BOOKS</subfield>
  </datafield>
  <datafield tag="952" ind1=" " ind2=" ">
    <subfield code="0">0</subfield>
    <subfield code="1">0</subfield>
    <subfield code="2">ddc</subfield>
    <subfield code="4">0</subfield>
    <subfield code="7">0</subfield>
    <subfield code="8">REF</subfield>
    <subfield code="a">004</subfield>
    <subfield code="b">004</subfield>
    <subfield code="c">GEN</subfield>
    <subfield code="d">2021-12-20</subfield>
    <subfield code="l">0</subfield>
    <subfield code="o">428`64 PRO 1990</subfield>
    <subfield code="p">WGCFNRL00007155</subfield>
    <subfield code="r">2021-12-20 00:00:00</subfield>
    <subfield code="t">6</subfield>
    <subfield code="w">2021-12-20</subfield>
    <subfield code="y">BOOKS</subfield>
  </datafield>
  <datafield tag="952" ind1=" " ind2=" ">
    <subfield code="0">0</subfield>
    <subfield code="1">0</subfield>
    <subfield code="2">ddc</subfield>
    <subfield code="4">0</subfield>
    <subfield code="7">0</subfield>
    <subfield code="8">REF</subfield>
    <subfield code="a">004</subfield>
    <subfield code="b">004</subfield>
    <subfield code="c">GEN</subfield>
    <subfield code="d">2021-12-20</subfield>
    <subfield code="l">0</subfield>
    <subfield code="o">428`64 PRO 1990</subfield>
    <subfield code="p">WGCFNRL00007156</subfield>
    <subfield code="r">2021-12-20 00:00:00</subfield>
    <subfield code="t">7</subfield>
    <subfield code="w">2021-12-20</subfield>
    <subfield code="y">BOOKS</subfield>
  </datafield>
</record>
